Soccer Tile Select Quiz - Statistics

General Stats
  • This quiz has been taken 93 times
  • The average score is 70 of 120
Answer Stats
Question Tile Select % Correct
teams that have won the World Cup twice Chile No
97%
teams that have won the World Cup twice Croatia No
97%
teams that have won the World Cup twice Turkey No
97%
teams that have won the World Cup twice Russia No
96%
teams that have won the World Cup twice Mexico No
95%
teams that have won the World Cup twice Netherlands No
94%
teams that have won the World Cup twice Portugal No
94%
teams that have won the World Cup twice France Yes
91%
teams that have won the World Cup twice Argentina Yes
86%
the people who have won the World Cup as players and as coaches Ronaldo No
85%
the players who have been top scorers in La Liga (Spanish league) Predrag Mijatovic No
84%
the players who have been top scorers in La Liga (Spanish league) Bernd Schuster No
82%
teams that have won the World Cup twice England No
82%
the people who have won the World Cup as players and as coaches Vicente del Bosque No
82%
the coaches who have won the Uefa Champions League three times Guus Hiddink No
80%
the people who have won the World Cup as players and as coaches Marcello Lippi No
80%
the people who have won the World Cup as players and as coaches Miroslav Klose No
80%
Asian teams that have participated in a World Cup Lebanon No
78%
the coaches who have won the Uefa Champions League three times Ottmar Hitzfeld No
78%
the people who have won the World Cup as players and as coaches Pele No
78%
the coaches who have won the Uefa Champions League three times Ernst Happel No
77%
Asian teams that have participated in a World Cup Kazakhstan No
77%
Asian teams that have participated in a World Cup Philippines No
77%
the coaches who have won the Uefa Champions League three times Arrigo Sacchi No
76%
Asian teams that have participated in a World Cup Japan Yes
76%
the coaches who have won the Uefa Champions League three times Louis van Gaal No
76%
the teams that have won an Olympic gold in men's soccer Norway No
76%
Asian teams that have participated in a World Cup Afghanistan No
75%
the people who have won the World Cup as players and as coaches Cesar Luis Menotti No
75%
the coaches who have won the Uefa Champions League three times Frank Rijkaard No
75%
players who have won a Ballon d'Or Oliver Kahn No
75%
teams that have won the World Cup twice Uruguay Yes
75%
players who have won a Ballon d'Or Alan Shearer No
73%
the people who have won the World Cup as players and as coaches Diego Maradona No
73%
the people who have won the World Cup as players and as coaches Fabio Cannavaro No
73%
the people who have won the World Cup as players and as coaches Johan Cruyff No
73%
the players who have been top scorers in La Liga (Spanish league) Luis Suárez Yes
73%
the teams that have won an Olympic gold in men's soccer Turkey No
72%
the players who have been top scorers in La Liga (Spanish league) David Beckham No
71%
players who have won a Ballon d'Or Xavi Hernández No
71%
Asian teams that have participated in a World Cup India No
68%
Asian teams that have participated in a World Cup Jordan No
68%
Asian teams that have participated in a World Cup Iran Yes
67%
the teams that have won an Olympic gold in men's soccer Japan No
67%
Asian teams that have participated in a World Cup Vietnam No
67%
the coaches who have won the Uefa Champions League three times Zinedine Zidane Yes
67%
stadiums that have hosted a World Cup final Anfield No
66%
the teams that have won an Olympic gold in men's soccer Denmark No
66%
players who have won a Ballon d'Or Éric Cantona No
66%
players who have won a Ballon d'Or Jürgen Klinsmann No
66%
teams that have won an Uefa Europa League (or an Uefa Cup) Manchester City No
66%
stadiums that have hosted a World Cup final Philips Stadion No
66%
the players who have been top scorers in La Liga (Spanish league) Sergio Agüero No
63%
teams that have never been in the second division Sevilla No
63%
teams that have never been in the second division Valencia No
63%
the people who have won the World Cup as players and as coaches Didier Deschamps Yes
62%
teams that have won an Uefa Europa League (or an Uefa Cup) Fiorentina No
62%
stadiums that have hosted a World Cup final Old Trafford No
62%
the players who have been top scorers in La Liga (Spanish league) Patrick Kluivert No
62%
stadiums that have hosted a World Cup final Vélodrome No
62%
stadiums that have hosted a World Cup final Camp Nou No
61%
the teams that have won an Olympic gold in men's soccer Colombia No
61%
teams that have won the World Cup twice Spain No
61%
the people who have won the World Cup as players and as coaches Franz Beckenbauer Yes
59%
teams that have never been in the second division Real Madrid Yes
59%
the coaches who have won the Uefa Champions League three times Carlo Ancelotti Yes
58%
players who have won a Ballon d'Or Luis Figo Yes
58%
teams that have never been in the second division Anderlecht No
57%
players who have won a Ballon d'Or Andrés Iniesta No
57%
teams that have won an Uefa Europa League (or an Uefa Cup) Chelsea Yes
57%
stadiums that have hosted a World Cup final Maracaná Yes
57%
teams that have won an Uefa Europa League (or an Uefa Cup) Atlético de Madrid Yes
56%
players who have won a Ballon d'Or Paolo Maldini No
56%
teams that have won an Uefa Europa League (or an Uefa Cup) Lazio No
54%
the coaches who have won the Uefa Champions League three times Alex Ferguson No
53%
Asian teams that have participated in a World Cup China Yes
53%
Asian teams that have participated in a World Cup North Korea Yes
53%
players who have won a Ballon d'Or Thierry Henry No
53%
teams that have won an Uefa Europa League (or an Uefa Cup) Arsenal No
52%
teams that have won an Uefa Europa League (or an Uefa Cup) Borussia Dortmund No
52%
the teams that have won an Olympic gold in men's soccer Spain Yes
52%
teams that have won an Uefa Europa League (or an Uefa Cup) Ajax Yes
51%
stadiums that have hosted a World Cup final Estadio da Luz No
51%
players who have won a Ballon d'Or George Weah Yes
51%
players who have won a Ballon d'Or Michael Owen Yes
51%
the teams that have won an Olympic gold in men's soccer USA No
51%
players who have won a Ballon d'Or Andriy Shevchenko Yes
49%
teams that have never been in the second division Olympique de Marseille No
49%
the players who have been top scorers in La Liga (Spanish league) Raúl González Yes
49%
teams that have never been in the second division Tottenham No
48%
teams that have won an Uefa Europa League (or an Uefa Cup) Barcelona No
47%
teams that have never been in the second division FC Porto Yes
43%
the players who have been top scorers in La Liga (Spanish league) Antoine Griezmann No
42%
stadiums that have hosted a World Cup final Azteca Yes
42%
the coaches who have won the Uefa Champions League three times José Mourinho No
42%
stadiums that have hosted a World Cup final Allianz Arena No
41%
the teams that have won an Olympic gold in men's soccer Netherlands No
39%
stadiums that have hosted a World Cup final San Siro No
39%
the teams that have won an Olympic gold in men's soccer Mexico Yes
38%
stadiums that have hosted a World Cup final Santiago Bernabéu Yes
38%
teams that have won an Uefa Europa League (or an Uefa Cup) Villarreal No
37%
teams that have won an Uefa Europa League (or an Uefa Cup) Benfica No
35%
teams that have never been in the second division Manchester United No
35%
teams that have won an Uefa Europa League (or an Uefa Cup) Juventus Yes
34%
teams that have never been in the second division AC Milan No
32%
the coaches who have won the Uefa Champions League three times Pep Guardiola No
32%
the people who have won the World Cup as players and as coaches Mario Zagallo Yes
27%
the teams that have won an Olympic gold in men's soccer Nigeria Yes
27%
teams that have never been in the second division Olympiakos Yes
25%
the players who have been top scorers in La Liga (Spanish league) Ruud Van Nistelrooy Yes
25%
stadiums that have hosted a World Cup final Monumental Yes
24%
the coaches who have won the Uefa Champions League three times Bob Paisley Yes
20%
teams that have never been in the second division Feyenoord Yes
19%
teams that have never been in the second division Bayern Munich No
18%
the players who have been top scorers in La Liga (Spanish league) Karim Benzema No
18%
Asian teams that have participated in a World Cup Kuwait Yes
18%
the players who have been top scorers in La Liga (Spanish league) Iván Zamorano Yes
13%
the teams that have won an Olympic gold in men's soccer Sweden Yes
13%
the teams that have won an Olympic gold in men's soccer Cameroon Yes
10%
the players who have been top scorers in La Liga (Spanish league) Christian Vieri Yes
5%
No matching quizzes found
Score Distribution
Percent of People with Each Score
Percentile by Number Answered
Your Score History
You have not taken this quiz